000 00909cam a2200265 a 4500
008 110325s2010 enka b 001 0 eng
010 _a 2011379777
020 _a9780727740892
040 _aDLC
_cDLC
_dEG-GiCUC
050 0 0 _aTA664
_b.C62 2010
092 0 4 _a693.54
_bC711
_221
099 _a04
_a693.54 C711
100 1 _aCollings, David.
245 1 0 _aSteel-concrete composite buildings :
_bdesigning with Eurocodes /
_cDavid Collings.
260 _aLondon :
_bThomas Telford ;
_aFitchburg, MA :
_bPublishers Storage and Shipping Corp. [distributor],
_c2010.
300 _axvi, 219 p. :
_bill. ;
_c26 cm.
504 _aIncludes bibliographical references (p. 206-211) and index.
650 0 _aComposite construction.
650 0 _aEurocodes (Standards)
902 _a1
905 _aEman
_eRev.
905 _aJamal
_eCat.
942 _2ddc
_cBK
999 _c124965
_d124965